LEADER 01286nam a2200301 i 4500 001 000000080835 003 CaOOAMICUS 005 20030909000000.0 008 030909s1978 it u000 u ita u 013 $a53073 040 $aSeMil$bita 100 1 $aSchliemann, Heinrich.$0(OLS)http://semarc/name/38722 245 10$aAlla ricerca di Troia /$cHeinrich Schliemann ; a cura di Sirolesi Maria Beatrice ; introduzione di Sabatino Moscati. 250 $a2. ed. 260 $aRoma :$bNewton Compton,$c1978 (copyr. 1977) 300 $a286 p. ;$c20 cm. 490 0 $aPaperbacks civiltà scomparse ;$v11 500 $aContiene : Tipografia. 650 4$aArcheologia.$0(OLS)http://semarc/subject/922 650 4$aTroia - Mito.$0(OLS)http://semarc/subject/5583 700 1 $aMoscati, Sabatino,$d<1922-1997>.$0(OLS)http://semarc/name/4872 700 1 $aSirolesi, Maria Beatrice.$0(OLS)http://semarc/name/38723 830 0$aPaperbacks civiltà scomparse ;$v11.$0(OLS)http://semarc/title/13110 850 $aSeMil 852 $aSeMil$W1$xVenegono$y1$m96 11 11 *$j46210$B46210$CSeMilBibl$Z2$F48432 $81 961 $aOmaggio: Suor Anita 996 $6245$aAlla ricerca di Troia$9(OLS)http://semarc/title/128443 996 $6260$aRoma :$bNewton Compton$9(OLS)http://semarc/publisher/31452 LEADER 00945nam a2200229 i 4500 001 000000159383 003 CaOOAMICUS 005 20110415000000.0 008 110415s1899 it u000 u ita u 013 $a136746 040 $aSeMil$bita 100 1 $aMattiussi, Guido,$c.$0(OLS)http://semarc/name/2668 245 12$aL'evoluzione è possibile? /$cP. Guido Mattiussi. 260 $aMonza :$bTip. Artigianelli Orfani,$c1899. 300 $a76 p. ;$c23 cm. 500 $aEstratto dal periodico di Milano : La scuola cattolica e la scienza Italiana. 650 4$aEvoluzione - Filosofia.$0(OLS)http://semarc/subject/13345 773 0 $t[Opuscoli.$w()24619 850 $aSeMil 852 $aSeMil$W1$xVenegono$y1$m5A II 26/4 FA$j110940$B110940$CSeMilBibl$Z2$F120591 $8I 996 $6245$aL'evoluzione è possibile?$9(OLS)http://semarc/title/141346 996 $6260$aMonza :$bTip. Artigianelli Orfani$9(OLS)http://semarc/publisher/44114